000 00665nam a2200169 a 4500
001 000032817
005 20240316073901.0
008 110726s2013 dr a 000 0 spa d
040 _aDO-SdBNP
_bspa
_cBNPHU
082 _axxx
_bxxxx
100 _aCastro, Tomás,
_d1959-
_924641
245 1 0 _aUna tarea patria :
_baprovechemos el tiempo con Duarte /
_cTomás Castro Burdiez.
260 _aSanto Domingo :
_bFundación para la Educación y el Arte,
_c2013.
300 _a24 p. ; :
_bil. ;
_c28 cm.
505 0 _tSopa de letras
_tHistoria
_tIdeario
_tProyecto de constitución
_tBiografías
_tHimnos
500 _aAño del bicentenario del natalicio de Juan Pablo Duarte y Díez
999 _c32308
_d32308